| 000 | 00578nam a2200181Ia 4500 | ||
|---|---|---|---|
| 008 | 240729s9999 xx 000 0 und d | ||
| 022 | _a2667-4629 | ||
| 245 | 0 | _atransLogos: Translation Studies Journal | |
| 260 | _aTürkiye | ||
| 260 | _btransLogos: Translation Studies Journal | ||
| 650 | _a Language. Linguistic theory. Comparative grammar | ||
| 650 | _a Philology. Linguistics | ||
| 650 | _a Translating and interpreting | ||
| 650 | _aLanguage and Literature | ||
| 856 | _uhttps://doaj.org/toc/7265e8c8cc8d44ceaf2657bb5204745a | ||
| 942 | _2ddc | ||
| 942 | _cDOAJEJ | ||
| 999 |
_c70463 _d70463 |
||
| 945 |
_a1 _bMadushi Gamage _c1 _dMadushi Gamage |
||